European Review of Agricultural Economics

Gespeichert in:
Bibliographische Detailangaben
Format: Schriftenreihe
Sprache:Englisch
Veröffentlicht: New York Oxford University Press
Schlagworte:
Tags: Tag hinzufügen
Keine Tags, Fügen Sie das erste Tag hinzu!

MARC

LEADER 00000nas1a2200000 4500
001 0193857
005 20250701092103.5
022 |a 0165-1587 
022 |a 1464-3618 
041 0 |a eng 
044 |a GB 
245 1 0 |a European Review of Agricultural Economics 
264 1 |a New York  |b Oxford University Press 
610 2 0 |a politika poľnohospodárska 
610 2 0 |a geografia hospodárska 
610 2 0 |a výroba poľnohospodárska